| 000 | 00426nam a22001337a 4500 | ||
|---|---|---|---|
| 082 |
_a625.795 _bRAO _cD |
||
| 110 | _aU.S Department of Transportation. | ||
| 245 |
_aRoadside improvements for local roads and streets / _cU.S Department of Transportation. |
||
| 260 |
_aUSA : _bFederal Highway Administration, _c1986. |
||
| 300 | _a31 p. : | ||
| 526 |
_a0 _b0 _c0 _d625_795000000000000_RAO |
||
| 650 |
_aMCE _9379 |
||
| 942 |
_2ddc _cBK |
||
| 999 |
_c547549 _d547549 |
||